Statistics for Highest Exporters Quiz

Click here to take the quiz!

General Stats

  • This quiz has been taken 772 times
    (763 since last reset)
  • The average score is 26 of 36

Answer Stats

Rank Answer % Correct
2United States
100%
1China
99%
10United Kingdom
96%
13, 3Germany
96%
19India
94%
5France
94%
4Japan
94%
8Italy
93%
9Russia
93%
16Spain
91%
11Canada
91%
14Sweden
88%
14Mexico
87%
7South Korea
86%
3Norway
85%
6Netherlands
82%
17Finland
82%
13Saudi Arabia
80%
5, 15Belgium
77%
8Denmark
75%
6, 18Switzerland
75%
10Austria
71%
17Taiwan
70%
1, 12Singapore
69%
4Ireland
68%
2United Arab Emirates
68%
7Iceland
60%
20Malaysia
56%
11Kuwait
52%
18Czech Republic
48%
20Estonia
40%
16Oman
39%
12Slovakia
39%
9Slovenia
37%
19Libya
15%
15Trinidad and Tobago
3%

Score Distribution

Percentile by Number Answered

Percent of People with Each Score

Your Score History

You have not taken this quiz since the last reset